In der debatte : Chemie

Сохранить в:
Библиографические подробности
Формат:
Язык:Undetermined
Опубликовано: [London] Illustrationen Von Hans Erni 1975
Предметы:
Метки: Добавить метку
Нет меток, Требуется 1-ая метка записи!
Thư viện lưu trữ: Trung tâm Học liệu Trường Đại học Cần Thơ
LEADER 00428nam a2200169Ia 4500
001 CTU_80884
008 210402s9999 xx 000 0 und d
082 |a 541 
082 |b I.35 
245 0 |a In der debatte : 
245 0 |b Chemie 
260 |a [London] 
260 |b Illustrationen Von Hans Erni 
260 |c 1975 
650 |a Chemistry 
904 |i Trọng Hải 
980 |a Trung tâm Học liệu Trường Đại học Cần Thơ